Les meilleurs joueurs sur FIFA 21 - Statistiques

Statistiques générales
  • Ce quiz a été pris 653 fois
    360 depuis la dernière actualisation
  • Le résultat moyen est 22 sur 28
Statistiques - réponses
Note Joueurs Club % Correct
92 Cristiano Ronaldo Juventus
100%
93 Lionel Messi FC Barcelone
100%
90 Kylian Mbappé Paris Saint-Germain
98%
91 Neymar Jr Paris Saint-Germain
98%
91 Kevin de Bruyne Manchester City
96%
90 Mohamed Salah Liverpool
96%
91 Robert Lewandowski Bayern Munich
96%
90 Sadio Mané Liverpool
91%
90 Virgil van Dijk Liverpool
91%
91 Jan Oblak Atletico Madrid
90%
89 Karim Benzema Real Madrid
87%
90 Alisson Liverpool
86%
88 Harry Kane Tottenham
86%
89 Thibaut Courtois Real Madrid
84%
88 Toni Kroos Real Madrid
82%
89 Manuel Neuer Bayern Munich
81%
89 Sergio Ramos Real Madrid
79%
90 Marc-André Ter Stegen FC Barcelone
78%
88 Ederson Manchester City
70%
89 Sergio Agüero Manchester City
69%
88 Joshua Kimmich Bayern Munich
65%
89 Casemiro Real Madrid
63%
88 N'Golo Kanté Chelsea
61%
88 Eden Hazard Real Madrid
52%
88 Paulo Dybala Juventus
50%
88 Raheem Sterling Manchester City
41%
88 Kalidou Koulibaly SSC Napoli
40%
88 Samir Handanovič Inter Milan
32%
Aucun quiz correspondant
Distribution des résultats
% des personnes avec chaque résultat
Percentile par nombre de réponses
Votre historique - résultats
Vous n’avez pas pris ce quiz depuis la dernière actualisation